000
00231nam a22000857a 4500
008
161018b xxu||||| |||| 00| 0 eng d
100
_9
891
_a
Kundra.D.N.
245
_a
Social Science-IX
260
_a
New Delhi
_b
Dhan Patrai Publications
_c
2015
999
_c
3544
_d
3544